Living in his forgiveness : (Record no. 1711)

MARC details
000 -LEADER
fixed length control field 00706nam a22002057a 4500
003 - CONTROL NUMBER IDENTIFIER
control field OSt
005 - DATE AND TIME OF LATEST TRANSACTION
control field 20180920100229.0
008 - FIXED-LENGTH DATA ELEMENTS--GENERAL INFORMATION
fixed length control field 180920b ||||| |||| 00| 0 eng d
020 ## - INTERNATIONAL STANDARD BOOK NUMBER
International Standard Book Number 1885904428
040 ## - CATALOGING SOURCE
Transcribing agency DLC
082 ## - DEWEY DECIMAL CLASSIFICATION NUMBER
Classification number 242
Item number D273L
100 ## - MAIN ENTRY--PERSONAL NAME
Personal name Day, Sandra Hudnall
245 ## - TITLE STATEMENT
Title Living in his forgiveness :
Remainder of title a Bible study for post-abortive women
Statement of responsibility, etc. By Sandra Hudnall Day with Carolyn McGuire [Foreword By Martha Peace]
260 ## - PUBLICATION, DISTRIBUTION, ETC.
Place of publication, distribution, etc. USA :
Name of publisher, distributor, etc. Focus Publishing House,
Date of publication, distribution, etc. c2003.
300 ## - PHYSICAL DESCRIPTION
Extent 177 p.:
500 ## - GENERAL NOTE
General note Appendix Included.
630 ## - SUBJECT ADDED ENTRY--UNIFORM TITLE
Uniform title Christian women--Religious life
650 ## - SUBJECT ADDED ENTRY--TOPICAL TERM
Topical term or geographic name entry element Forgiveness--Religious aspects--Christianity
General subdivision Abortion--Religious aspects--Christianity
942 ## - ADDED ENTRY ELEMENTS (KOHA)
Source of classification or shelving scheme Dewey Decimal Classification
Koha item type Books
Holdings
Withdrawn status Lost status Source of classification or shelving scheme Damaged status Not for loan Collection code Home library Current library Shelving location Date acquired Cost, normal purchase price Total Checkouts Full call number Barcode Date last seen Price effective from Koha item type
    Dewey Decimal Classification     Non-fiction Harvest Mission College Harvest Mission College General Stacks 20.09.2018 520.00   242 D273L 003258 20.09.2018 20.09.2018 Books

OPAC Designed and Maintained by HMC Library Team.
Copyright © HMC Library,Greater Noida, UP.
For any Suggestions/Query Contact library via Email:libhmc@gmail.com